000 00741nam a2200205 a 4500
001 000039946
005 20201002033826.0
008 130731s1995 sp ab 000 0 spa d
020 _a8408014064
040 _aDO-SdBNP
_bspa
_cBNPHU
082 _axxx
100 1 _aZhisui, Li
_966161
245 1 3 _aLa vida privada del presidente Mao :
_bMemorias del médico personal de Mao /
_cLi Zhisui ; introducción Andrew J. Nathan ; traducción Carlos Pujol Lagarriga.
260 _aBarcelona, España :
_bPlaneta,
_c1995.
300 _a820 p. :
_bil., map. ;
_c24 cm.
490 1 _aLa linea del horizonte
700 1 _aNathan, Andrew J.,
_eintrod.
_966162
700 1 _aPujol Lagarriga, Carlos,
_etr.
_966163
830 0 _aLa linea del horizonte
_932941
999 _c39436
_d39436